Inteligentná energia v období 2003 až 2006 osobitná správa č. 7 / 2008
Na minha lista:
| Autor Corporativo: | |
|---|---|
| Formato: | Livro |
| Idioma: | eslovaco |
| Publicado em: |
Luxemburg
Úrad pre vydávanie úradných publikácií Európskych spoločenstiev
2008
|
| Assuntos: | |
| Tags: |
Sem tags, seja o primeiro a adicionar uma tag!
|
MARC
| LEADER | 00000nam$a2200000$$$4500 | ||
|---|---|---|---|
| 001 | 0088392 | ||
| 005 | 20250825120715.4 | ||
| 020 | |a 978-92-9207-064-9 | ||
| 041 | 0 | |a slo | |
| 044 | |a LU | ||
| 245 | 1 | 0 | |a Inteligentná energia v období 2003 až 2006 |b osobitná správa č. 7 / 2008 |
| 264 | 1 | |a Luxemburg |b Úrad pre vydávanie úradných publikácií Európskych spoločenstiev |c 2008 | |
| 300 | |a 43 s. | ||
| 610 | 2 | 0 | |a audítori |
| 610 | 2 | 0 | |a audit |
| 610 | 2 | 0 | |a energia |
| 610 | 2 | 0 | |a zdroje energetické |
| 610 | 2 | 0 | |a zdroje energie obnoviteľné |
| 610 | 2 | 0 | |a diverzifikácia |
| 610 | 2 | 0 | |a Európska komisia |
| 610 | 2 | 0 | |a Európa |
| 710 | 2 | |a European Court of Auditors | |